MARC

LEADER 00000nam0a2200000 4500
001 295170
005 20231102000800.0
020 |a RU  |b 84-21912 
035 |a (RuTPU)RU\TPU\book\320247 
090 |a 295170 
100 |a 20150520d1983 k y0rusy5003 ca 
101 0 |a rus 
102 |a RU 
105 |a a z 101zy 
200 1 |a Фильтрационные исследования и расчеты при проектировании гидротехнических сооружений  |e материалы Всесоюзного научно-технического совещания, г. Нарва, 18-20 мая 1982 г.  |f Всесоюзный научно-исследовательский институт гидротехники им. Б. Е. Веденеева (ВНИИГ) 
210 |a Ленинград  |c Энергоатомиздат  |d 1983 
215 |a 169 с.  |c ил. 
225 1 |a Материалы конференций и совещаний по гидротехнике 
606 1 |a Гидротехнические сооружения  |x Фильтрация  |x Расчет на вычислительных машинах  |2 stltpush  |3 (RuTPU)RU\TPU\subj\6912  |9 34680 
610 1 |a проектирование 
610 1 |a расчеты 
610 1 |a исследования 
610 1 |a фильтрация 
610 1 |a совещания 
675 |a 626.811(063)  |z rus  |v 3 
712 0 2 |a Всесоюзный научно-исследовательский институт гидротехники им. Б. Е. Веденеева (ВНИИГ)  |2 stltpush  |3 (RuTPU)RU\TPU\col\11485 
712 1 2 |a Фильтрационные исследования и расчеты при проектировании гидротехнических сооружений  |c научно-техническое совещание  |e Нарва  |f 1982  |4 570 
801 0 |a RU  |b RuMRKP  |c 19950704  |g psbo 
801 1 |a RU  |b 63413507  |c 20150520 
801 2 |a RU  |b 63413507  |c 20180511  |g RCR 
942 |c BK